000 00212 a2200097 4500
001 43010
100 _aWindsor
245 _aThe duchess of Windsor
260 _aLondon
_bMichael Joseph
_c
090 _c26883
_d26883
942 _aNUST-CAE
_cM
_c18761
999 _c278083
_d278083